Представление документа в формате RUSMARC

ПолеНазваниеЗначение
  Тип записи a
  Библиографический уровень a
001 Контрольный номер 1a257c6e227a44b59ece8a6214deabe0
005 Дата корректировки 20250801145013.7
100 Данные общей обработки __
a Данные общей обработки 20250801 ||| 0rusy0189 ca
101 Язык документа 0_
a Язык текста rus
102 Страна публикации __
a Страна публикации RU
200 Заглавие и сведения об ответственности 1_
a Заглавие Зайки на лужайке
f Первые сведения об ответственности К. Григорьева
e Сведения, относящиеся к заглавию [о зайцах, можно ли забирать зайчат домой, о центре реабилитации диких животных]
461 Уровень набора _0
1 2000
a Тошка и компания
463 Уровень физической единицы _0
1 2000
a № 7
v С. 13-15 : фот.
1 2101
d 2025
1 001890c2de860e54d948de2175e75cb2c38
606 Тематические рубрики 0_
a Основная рубрика Экология и география животных. Охрана животных
610 Ключевые слова 0_
a Ключевые слова животные, дикие животные, зайцы, помощь животным, зайчата, Дом зайца, центры помощи диким животным, адреса центров помощи, центры реабилитации диких животных
686 Индексы других классификаций __
a Классификационный индекс 28.68
700 Автор _1
a Фамилия Григорьева
b Имя (инициалы) К.
g Полное личное имя Кристина
801 Источник записи _0
a Страна RU
b Организация УОБДЮ
c Дата составления 20250801
g Правила каталогизации RCR
801 Источник записи _1
a Страна RU
b Организация УОБДЮ
c Дата составления 20250801
g Правила каталогизации RCR
901 Тип документа __
t Тип документа b
w Контрольный № источника 890c2de860e54d948de2175e75cb2c38
905 Данные по созданию БЗ __
b Логин пользователя, который создал БЗ ibo3